| 000 | 01282nam a2200337 a 4500 | ||
|---|---|---|---|
| 999 |
_c173392 _d173392 |
||
| 003 | BLK | ||
| 005 | 20240430005253.0 | ||
| 008 | 180411b bul|||||r ||||||| ||bul|| | ||
| 010 | _aKNG00181784000 | ||
| 040 | _aBLK | ||
| 041 |
_aBUL _cBUL |
||
| 080 |
_aБългарска литература _b821.163.2 _x-1 _z821.163.2-1 |
||
| 100 |
_aСлавейков, Пенчо Петков _d1866-1912 _gПоет. Фолклорист. Преводач от немски и руски език. _9364367 |
||
| 139 |
_aСлавейков, Пенчо Петков _bС 42 |
||
| 245 | 1 | 0 |
_aКървава песен _bПоема _cПенчо Петков Славейков; с предг. от Ангел Тодоров. |
| 250 | _a8. изд. | ||
| 257 | _aBGR | ||
| 260 |
_aСофия _bБълг. писател _c1972 |
||
| 300 |
_a280 с. _c25 см |
||
| 380 | _aX | ||
| 490 |
_aБиблиотека за ученика _9201322 |
||
| 653 | _aпоеми | ||
| 700 | 1 |
_aТодоров, Ангел _eс предг. от _gТошков, Ангел Тодоров _9367241 |
|
| 852 | _aЦб 63093 | ||
| 856 | 4 | _qpdf | |
| 856 | 4 | _qpdf | |
| 942 |
_cKNG _n0 _s1 |
||
| 944 |
_aCR _c12.05.2006 _k _lCRON CRON |
||
| 944 |
_aED _c2022-07-28 _kир |
||
| 999 | _d173392 | ||